About time (Record no. 104799)

MARC details
000 -LEADER
fixed length control field 01711cam a22002535a 4500
001 - CONTROL NUMBER
control field ##L131689
008 - FIXED-LENGTH DATA ELEMENTS--GENERAL INFORMATION
fixed length control field 051129s2006 xxk f 001 0 eng d
020 ## - INTERNATIONAL STANDARD BOOK NUMBER
International Standard Book Number 1842192477
020 ## - INTERNATIONAL STANDARD BOOK NUMBER
International Standard Book Number 9781842192477
035 ## - SYSTEM CONTROL NUMBER
System control number (Sirsi) u131689
041 0# - LANGUAGE CODE
Language code of text/sound track or separate title eng
050 04 - LIBRARY OF CONGRESS CALL NUMBER
Classification number 692.8 $2 18
100 1# - MAIN ENTRY--PERSONAL NAME
Personal name Lowsley, Stephen
245 00 - TITLE STATEMENT
Title About time
Remainder of title delay analysis in construction
260 ## - PUBLICATION, DISTRIBUTION, ETC.
Place of publication, distribution, etc. London
Name of publisher, distributor, etc. RICS
Date of publication, distribution, etc. 2006
300 ## - PHYSICAL DESCRIPTION
Extent xiii,238p.
Dimensions 24cm.
505 2# - FORMATTED CONTENTS NOTE
Formatted contents note The construction industry's propensity for delays -- Planning for the project -- Planning techniques -- Monitoring progress -- Analysis of delay -- Preparing and evaluating a claim -- Standard forms of contract -- Case law and delay -- Dispute resolution -- Conclusion.
520 ## - SUMMARY, ETC.
Summary, etc. Over the years delays on construction projects has prompted a steady flow of reports, academic analyses and court cases, but these have provided very little straightforward practical advice to construction professionals on how to evaluate delays. Everyone from architects, engineers and surveyors through to contractors, expert witnesses and lawyers connected to the construction industry often have to face the difficult task of preparing or assessing a delay claim but few have received any significant training in how to go about the task. This book aims to tackle the difficulties of delay analysis head on and as a result it hopes to strip away the mystique surrounding the subject of delay analysis and reveal the limitations of the various methods of delay analysis commonly used.
590 ## - LOCAL NOTE (RLIN)
Local note IKA250406
690 ## - LOCAL SUBJECT ADDED ENTRY--TOPICAL TERM (OCLC, RLIN)
Topical term or geographic name as entry element BUILT ENVIRONMENT-CONSTRUCTION MANAGEMENT-BUILDING CONTRACT ADMINISTRATION
700 1# - ADDED ENTRY--PERSONAL NAME
Personal name Linnett, Christopher
942 ## - ADDED ENTRY ELEMENTS (KOHA)
Suppress in OPAC 0
Holdings
Withdrawn status Lost status Source of classification or shelving scheme Damaged status Not for loan Home library Current library Shelving location Date acquired Total Checkouts Full call number Barcode Date last seen Copy number Price effective from Koha item type Date last checked out
    Dewey Decimal Classification     London London RICS Boxes 12/04/2006   692.8 LOW 30072843 06/08/2019 1 06/08/2019 Archive  
    Dewey Decimal Classification     London London RICS Boxes 12/04/2006   692.8 LOW 30072844 06/08/2019 2 06/08/2019 Reference material  
    Dewey Decimal Classification     London London RICS Boxes 12/04/2006 22 692.8 LOW 30072845 06/08/2019 3 06/08/2019 Book 26/11/2009